Регионална библиотека "Любен Каравелов" - Русе

Кое как се прави (Запис номер 347380)

MARC детайли
000 -Лидер
Контролно поле с фиксирана дължина 01189nam a2200301 a 4500
003 - Код на организацията, давaща контролен номер
Контролно поле BLK
005 - Дата и час на последна редакция
Контролно поле 20240626123019.0
008 - Елементи от данни с фиксирана дължина
fixed length control field 191217b bu ||||| |||| 00| 0 bu d
020 ## - Международен стандартен номер на книга ISBN
Международен стандартен номер на книга ISBN 9789546607058
040 ## - Източник на каталожния запис
Идентификатор на билиотеката - собственик на записа BLK
041 ## - Код за език
Код за езика на текст/звукозапис или на отделно заглавие Български
Код за езика КДБФ Български
080 ## - УДК
Текстов определител УДК Техника. Технически науки
УДК код - определител по УДК 62
УДК - код + определител 62
100 ## - Редна дума - Автор
Автор Костадинов, Костадин Василев
Авторска отговорност първи автор
R(LIN) 1299
139 ## - Редно поле
Редна дума Костадинов, Костадин Василев
Авторски знак Кос - К 86
245 ## - Сведения за заглавието
Заглавие Кое как се прави
Подзаглавни данни Природните богатства
Редно поле (дума) Костадин Костадинов ; ил. Кирил Танев.
260 ## - Област на издателските данни
9 (RLIN) 209558
Място на издаване, разпространение и проч. София
Име на издателя, разпространителя и проч. ПАН
Година на издаване 2016
Печатница Циан
300 ## - Физическа характеристика
Страници 16 с.
Илюстрации и др. с цв. ил.
Размери/Мащаб 28 см
380 ## - Жанр
Жанр Детска отраслова лит.
653 #7 - Ключова дума – ненормативна
9 (RLIN) 198273
Ключова дума техника
653 #7 - Ключова дума – ненормативна
9 (RLIN) 194725
Ключова дума промишленост
653 #7 - Ключова дума – ненормативна
9 (RLIN) 194559
Ключова дума природни богатства
653 #7 - Ключова дума – ненормативна
9 (RLIN) 186800
Ключова дума занаяти
653 #0 - Ключова дума – ненормативна
9 (RLIN) 471119
Ключова дума детски книги
700 ## - Други автори (авторска отговорност)
9 (RLIN) 378444
Лично име Танев, Кирил Танев
Автороска отговорност (Описва отношението между автора и произведението) ил.
852 ## - Местоположение
Фондова буква Детски отдел
Систематично-азбучна сигнатура 62/К 86 К
999 ## - СИСТЕМНИ КОНТРОЛНИ НОМЕРА
Koha biblionumber 347380
Koha biblioitemnumber 347380
942 ## - АРТИКУЛИ
Вид на библиотечния материал Книги
Скрит в OPAC Не
Периодичен библиозапис Да
Koha issues (borrowed), all copies 9
944 ## - СЪЗДАВАНЕ И РЕДАКЦИЯ на ЗАПИСА
Създаване/Редакция Създаване
Дата на регистрацията/редакция 2022-10-07
Служител, извършил регистрацията/редакцията 30537
Статус, дата на статуса Грета Цуфелде
Наличности
Код за отписване Код за изгубен артикул Източник на класификационната схема Код за повреда Код за отдаване Артикулен № Име на библиотеката - собственик Име на библиотеката, в която се намира в момента Статус (Текущо местоположение) Дата на вписване в системата Местоположение - отдел Цена в лева Систематично азбучна сигнатура Баркод Цена в евро Служебен тип на артикула Коз за рестрикции
  Не е изгубен Universal Decimal Classification Не е повреден ползва се в читалня 754370 Регионална библиотека "Любен Каравелов" Русе Регионална библиотека "Любен Каравелов" Русе Хранилище 2020-01-21 Хранилище 3.30 Цб II 24315 120000841178 1.69 Книги  
  Не е изгубен Universal Decimal Classification Не е повреден заемане за дома 907006 Регионална библиотека "Любен Каравелов" Русе Регионална библиотека "Любен Каравелов" Русе Детски отдел 2022-10-07 Детски отдел 2.48 62/К 86 К 120000878236 1.27 Книги без рестрикции
  Не е изгубен Universal Decimal Classification Не е повреден заемане за дома 907007 Регионална библиотека "Любен Каравелов" Русе Регионална библиотека "Любен Каравелов" Русе Детски отдел 2022-10-07 Детски отдел 2.48 62/К 86 К 120000878235 1.27 Книги без рестрикции
Vip Innovations Ltd, Rousse, Bulgaria 2025